The economics of services microfoundations, development and policy / (Registro nro. 12451)
[ vista simple ]
| 000 -LEADER | |
|---|---|
| fixed length control field | 01377 a2200277 4500 |
| 003 - CONTROL NUMBER IDENTIFIER | |
| control field | OSt |
| 005 - DATE AND TIME OF LATEST TRANSACTION | |
| control field | 20210915100600.0 |
| 008 - FIXED-LENGTH DATA ELEMENTS--GENERAL INFORMATION | |
| fixed length control field | 130912s2013 enkad fr|||| 001 0 eng d |
| 020 ## - INTERNATIONAL STANDARD BOOK NUMBER | |
| International Standard Book Number | 9780857932174 |
| 040 ## - CATALOGING SOURCE | |
| Original cataloging agency | CO-BoUCM |
| Language of cataloging | spa |
| Transcribing agency | CO-JMCR |
| 041 0# - LANGUAGE CODE | |
| Language code of text/sound track or separate title | eng |
| 082 04 - DEWEY DECIMAL CLASSIFICATION NUMBER | |
| Classification number | 338.47 / |
| Item number | J353e |
| Edition number | 23 |
| 100 1# - MAIN ENTRY--PERSONAL NAME | |
| Personal name | Jansson, Jan Owen, |
| Relator term | autor |
| 9 (RLIN) | 45024 |
| 245 14 - TITLE STATEMENT | |
| Title | The economics of services microfoundations, development and policy / |
| Statement of responsibility, etc. | Jan Owen Jansson |
| 250 ## - EDITION STATEMENT | |
| Edition statement | Second Edition |
| 260 ## - PUBLICATION, DISTRIBUTION, ETC. | |
| Place of publication, distribution, etc. | Cheltenham, UK : |
| Name of publisher, distributor, etc. | Edward Elgar, |
| Date of publication, distribution, etc. | 2013. |
| 300 ## - PHYSICAL DESCRIPTION | |
| Extent | x, 328 pages : |
| Other physical details | Illustrations and graphics in black and white ; |
| Dimensions | 24 cm. |
| 504 ## - BIBLIOGRAPHY, ETC. NOTE | |
| Bibliography, etc. note | Bibliography: pages 306-324, and index. |
| 505 0# - FORMATTED CONTENTS NOTE | |
| Formatted contents note | The service economy in perspective. -- Microeconomic fundations. -- Urbanisation and service sector development. -- Public policy towards services. |
| 520 0# - SUMMARY, ETC. | |
| Summary, etc. | 'This is a well-written, provocative book, featuring much new material, original data analyses and interesting insights. Despite the proliferation of books on various aspects of services, there is nothing quite like it around. In particular, examination of the challenges that the growth of services presents to conventional economics is very valuable.' |
| 650 14 - SUBJECT ADDED ENTRY--TOPICAL TERM | |
| Topical term or geographic name entry element | Economy |
| 9 (RLIN) | 45066 |
| 650 24 - SUBJECT ADDED ENTRY--TOPICAL TERM | |
| Topical term or geographic name entry element | Service industry |
| 9 (RLIN) | 17422 |
| 650 24 - SUBJECT ADDED ENTRY--TOPICAL TERM | |
| Topical term or geographic name entry element | Industrial policy |
| 9 (RLIN) | 21989 |
| 690 ## - LOCAL SUBJECT ADDED ENTRY--TOPICAL TERM (OCLC, RLIN) | |
| Topical term or geographic name as entry element | Microeconoma̕ |
| 9 (RLIN) | 39555 |
| 942 ## - ADDED ENTRY ELEMENTS (KOHA) | |
| Koha item type | Books |
| Source of classification or shelving scheme | Dewey Decimal Classification |
| Withdrawn status | Lost status | Source of classification or shelving scheme | Damaged status | Not for loan | Home library | Current library | Shelving location | Date acquired | Source of acquisition | Full call number | Barcode | Date last seen | Copy number | Price effective from | Koha item type |
|---|---|---|---|---|---|---|---|---|---|---|---|---|---|---|---|
| Dewey Decimal Classification | Biblioteca Pública José María del Castillo y Rada | Biblioteca Pública José María del Castillo y Rada | General Stacks | 04/15/2018 | Donación | 338.47 / J353e | 430005255 | 05/16/2024 | Ej.1 | 03/10/2021 | Books |